Sapporo Metro Stations with map - Statistics

General Stats
  • This quiz has been taken 26 times
  • The average score is 38 of 49
Answers on the Map
Answers color-coded by a green-red scale on the quiz's map according to % correct below.
 
Answer Stats
Answer % Correct
Odori 大通
100%
Odori 大通
100%
Odori 大通
100%
Sapporo さっぽろ
100%
Sapporo さっぽろ
100%
Asabu 麻生
95%
Kita Nijuyojo 北24条
95%
Makomanai 真駒内
95%
Kita Juhachijo 北18条
89%
Kita Junijo 北12条
89%
Shin Sapporo 新さっぽろ
89%
Susukino すすきの
89%
Bus Center Mae バスセンター前
84%
Gakuenmae 学園前
84%
Nakajima Koen 中島公園
84%
Sakaemachi 栄町
84%
Fukuzumi 福住
79%
Hosui Susukino 豊水すすきの
79%
Jieitaimae 自衛隊前
79%
Kita Sanjuyojo 北34条
79%
Maruyama Koen (Maruyama Class Mae)円山公園(マルヤマクラス前)
79%
Miyanosawa 宮の沢
79%
Sumikawa 澄川
79%
Hibarigaoka ひばりが丘
74%
Higashi Kuyakushomae 東区役所前
74%
Higashi Sapporo 東札幌
74%
Hiragishi 平岸
74%
Horohirabashi 幌平橋
74%
Kita Jusanjo Higashi 北13条東
74%
Kotoni 琴似
74%
Minami Hiragishi 南平岸
74%
Motomachi 元町
74%
Nango Jusanchome (Keiyukai Daini Hospital Mae)南郷13丁目(恵佑会第2病院前)
74%
Nango Nanachome 南郷7丁目
74%
Shindo Higashi 新道東
74%
Shiroishi 白石
74%
Nijuyonken 二十四軒
68%
Nishi Juhatchome 西18丁目
68%
Nishi Juitchome 西11丁目
68%
Tsukisamu Chuo 月寒中央
68%
Kikusui 菊水
63%
Misono 美園
63%
Nakanoshima 中の島
63%
Nango Juhatchome 南郷18丁目
63%
Nishi Nijuhatchome 西28丁目
63%
Oyachi (Hokusei Gakuen University Mae)大谷地(北星学園大学前)
63%
Hassamu Minami 発寒南
58%
Toyohira Koen 豊平公園
58%
Kanjodori Higashi 環状通東
53%
No matching quizzes found
Score Distribution
Percent of People with Each Score
Percentile by Number Answered
Your Score History
You have not taken this quiz